Hacienda pública / (Registro nro. 12728)
[ vista simple ]
| 000 -LEADER | |
|---|---|
| fixed length control field | 02324cam a2200301 a 4500 |
| 003 - CONTROL NUMBER IDENTIFIER | |
| control field | OSt |
| 005 - DATE AND TIME OF LATEST TRANSACTION | |
| control field | 20211117110941.0 |
| 008 - FIXED-LENGTH DATA ELEMENTS--GENERAL INFORMATION | |
| fixed length control field | 101007t 2008ck r 000 0 spa d |
| 020 ## - INTERNATIONAL STANDARD BOOK NUMBER | |
| International Standard Book Number | 9789587103434 |
| 040 ## - CATALOGING SOURCE | |
| Original cataloging agency | CO-BoPUJ |
| Transcribing agency | CO-JMCR |
| 041 0# - LANGUAGE CODE | |
| Language code of text/sound track or separate title | spa |
| 082 04 - DEWEY DECIMAL CLASSIFICATION NUMBER | |
| Classification number | 336.01 / |
| Item number | R436h6 |
| Edition number | 23 |
| 100 1# - MAIN ENTRY--PERSONAL NAME | |
| Personal name | Restrepo, Juan Camilo |
| Relator term | autor |
| 9 (RLIN) | 8 |
| 245 10 - TITLE STATEMENT | |
| Title | Hacienda pública / |
| Statement of responsibility, etc. | Juan Camilo Restrepo Salazar |
| 250 ## - EDITION STATEMENT | |
| Edition statement | 8ª. edición |
| 260 ## - PUBLICATION, DISTRIBUTION, ETC. | |
| Place of publication, distribution, etc. | Bogotá : |
| Name of publisher, distributor, etc. | Universidad Externado de Colombia, |
| Date of publication, distribution, etc. | 2008. |
| 300 ## - PHYSICAL DESCRIPTION | |
| Extent | 572 páginas ; |
| Dimensions | 25 cm. |
| 504 ## - BIBLIOGRAPHY, ETC. NOTE | |
| Bibliography, etc. note | Incluye referencias bibliográficas. |
| 505 0# - FORMATTED CONTENTS NOTE | |
| Formatted contents note | Los propósitos de la hacienda pública. -- El consumo y la inversión. -- Hacienda pública y el desarrollo. -- Sociología de la hacienda pública. -- El concepto de gasto público. -- Tendencia del gasto público en Colombia. -- Ingresos fiscales: evolución fiscal de Colombia, impuestos indirectos, rentas estancadas. -- Clasificación de los ingresos públicos. -- Principales impuestos del gobierno central. -- _la importancia del presupuesto en la sociedad moderna. -- Planeación y presupuesto. -- La deuda pública: manejo dado por Colombia a la deuda externa. --Finanzas territoriales. -- La segunda generación de las reformas descentralistas en América Latina. |
| 520 0# - SUMMARY, ETC. | |
| Summary, etc. | En el Capítulo I se presentan los grandes propósitos de la Hacienda Pública; en el Capítulo II se ubica el tema del gasto público, que constituye la preocupación fundamental de la economía pública contemporánea; en el Capítulo III se aborda la teoría general de los ingresos fiscales; en el Capitulo IV se analizan los rasgos generales de los principales tributos nacionales; en el Capítulo V se dedica al tema presupuestal; el capítulo VI al de la deuda pública, y el Capítulo VII a las finanzas territoriales.<br/>Se incluye finalmente una bibliografía escogida sobre finanzas públicas, que tiene como propósito guiar a los lectores que deseen profundizar en la materia. |
| 650 14 - SUBJECT ADDED ENTRY--TOPICAL TERM | |
| Topical term or geographic name entry element | Hacienda pública |
| Geographic subdivision | Colombia |
| 9 (RLIN) | 6814 |
| 650 24 - SUBJECT ADDED ENTRY--TOPICAL TERM | |
| Topical term or geographic name entry element | Presupuesto |
| Geographic subdivision | Colombia |
| 9 (RLIN) | 9328 |
| 650 24 - SUBJECT ADDED ENTRY--TOPICAL TERM | |
| Topical term or geographic name entry element | Gastos públicos |
| Geographic subdivision | Colombia |
| 9 (RLIN) | 6959 |
| 650 24 - SUBJECT ADDED ENTRY--TOPICAL TERM | |
| Topical term or geographic name entry element | Política de gastos públicos |
| Geographic subdivision | Colombia |
| 9 (RLIN) | 7918 |
| 650 24 - SUBJECT ADDED ENTRY--TOPICAL TERM | |
| Topical term or geographic name entry element | Deuda pública |
| Geographic subdivision | Colombia |
| 9 (RLIN) | 9526 |
| 942 ## - ADDED ENTRY ELEMENTS (KOHA) | |
| Source of classification or shelving scheme | Dewey Decimal Classification |
| Koha item type | Books |
| Withdrawn status | Lost status | Source of classification or shelving scheme | Damaged status | Not for loan | Home library | Current library | Shelving location | Date acquired | Source of acquisition | Full call number | Barcode | Date last seen | Copy number | Price effective from | Koha item type |
|---|---|---|---|---|---|---|---|---|---|---|---|---|---|---|---|
| Dewey Decimal Classification | Biblioteca Pública José María del Castillo y Rada | Biblioteca Pública José María del Castillo y Rada | General Stacks | 04/15/2018 | Donación | 336.01 / R436h6 | 430000574 | 05/16/2024 | Ej.1 | 03/10/2021 | Books |